1986 1104 1001 1358 1542 1988 1866 1949 1025 1449 1674 1103 1455 1182 1642 1269 1516 1792 1228 1940 1730 1149 1526 1421 1615 1841 1921 1995 1381 1803 1391 1651 1446 1424 1592 1443 1291 1918 1692 1368 1208 1595 1153 1505 1767 1557 1380 1065 1651 1499 1854 1564 1536 1963 1819 1534 1540 1157 1718 1227 1971 1643 1994 1175 1197 1886 1617 1196 1930 1379 1489 1777 1041 1722 1597 1244 1734 1917 1595 1371 1767 1843 1707 1535 1197 1385 1828 1716 1096 1629 1386 1259 1760 1848 1269 1146 1475 1419 1028 BCNSPRNW ULIB Ver.6.0+V

เปลี่ยนเป็นภาษาไทย

Change to English
 แสดงรายละเอียดบรรณานุกรม
  กลับหน้าหลัก

Brief Record : Get Marc (ISO 2709) : E-mail record : QR code < ปิดหน้าต่าง
LEADER : 00000nam 2200000uu 4500
001    13399113634
003     ULIB
008    111208s2553||||th 000 0 tha d
020    ^a9786167052101
090    ^aนว.^bร388ฮ ล.2
100    ^aรัศมีจันทร์
245    ^aไฮโซติดเกาะ ตอน สายลมแห่งฤดูหนาว เล่ม 2/^cรัศมีจันทร์
250    ^aพิมพ์ครั้งที่ 1
260    ^aกรุงเทพฯ :^bณ บ้านวรรณกรรม,^c2553
300    ^a320 หน้า
710 1  ^aณ บ้านวรรณกรรม
945    ^p240^l0^i026745
995    ^aทศพร
999 ^a ทศพร
รายการนี้ยังไม่มีแท็ก
คุณยังไม่ได้ล็อกอิน คุณสามารถมีกิจกรรมร่วมกับเว็บไซต์ได้ แต่ต้องล็อกอินก่อน ::
  ล็อกอิน

รายการสื่อสารสนเทศ

ลำดับที่ ประเภท เลขเรียก/บาร์โค้ด สถานที่ สถานะ
1. นวนิยาย
นวนิยาย
นว. ร388ฮ ล.2 ฉ.1 
  Barcode: 026745
ห้องสมุดวิทยาเขตสวรรค์ประชารักษ์
►นวนิยาย
บนชั้น
  ขอยืม

รายการใกล้เคียง
    ผู้แต่ง [รัศมีจันทร์]

BibComment


ยังไม่เคยถูกคอมเมนท์

คอมเมนท์ทรัพยากรรายการนี้
  คอมเมนท์: ไฮโซติดเกาะ ตอน ..


 Copyright 2026. Bcnsprnw @Library